• 首页
  • 本馆介绍
  • 公告通知
  • 最新文献
  • 馆藏检索
  • 电子资源
  • 读者导购
  • 参考咨询
  • 我的图书馆
  • 登录
  • 详细信息显示
  • 放入我的书架
  • 预约/预借图书
  • 作者相关作品
  • 分类相关作品
  • 丛书相关作品
  • 出版社相关作品

书目信息

  • 表格格式
  • 工作单格式
  • 卡片格式
题名:
吸血鬼
    
 
作者: 斯托克 原著 ;毛荣贵 , 秦莉 , 福尔斯特 翻译
分册:  
出版信息: 北京   航空工业出版社  2005
页数: 201,17页
开本: 19cm
丛书名: 10元丛书
单 册:
中图分类: H319.4:I562.44 , H319.4
科图分类:
主题词: 恐怖小说--爱尔兰--近代 , 长篇小说--爱尔兰--近代 , 英语 , 汉语 , 英语--汉语--对照读物 , 长篇小说 , 恐怖小说
电子资源:
ISBN: 7-80183-583-2
000 01513oam2 2200421 450
001 002999277
005 20061029145544.87
010    @a7-80183-583-2@dCNY10.00
100    @a20050815d2005 em y0chiy0110 ea
101 2  @achi@aeng@ceng
102    @aCN@b110000
105    @aa z 000yy
200 1  @a吸血鬼@9xi xue gui@dDracula@e英汉对照@f(爱尔兰)布拉姆·斯托克(Bram Stoker)原著@gRichard Forster改编@g毛荣贵,秦莉翻译@zeng
210    @a北京@c航空工业出版社@d2005
215    @a201,17页@c图@d19cm
225 1  @a10元丛书
225 0  @a考试虫系列@i床头灯英语学习读本
300    @a美国作家改编
307    @a另配磁带
308    @a丛书原题:考试虫系列丛书,子丛书V
330    @a地产商人乔纳森·哈克应客户德丘拉伯爵之约只身来到位于布达佩斯的德丘拉城堡与其商议在伦敦为其购置房产的事情。但在去往德丘拉城堡的途中及到达城堡后,他去经历了许多令人难以置信的并且让人感到恐惧的事情……
462  0 @12001 @a床头灯英语学习读本
510 1  @aDracula@zeng
606 0  @a恐怖小说@y爱尔兰@z近代
606 0  @a长篇小说@y爱尔兰@z近代
606 0  @a英语
606 0  @a汉语
606 0  @a英语@x汉语@j对照读物
606 0  @a长篇小说
606 0  @a恐怖小说
690    @aH319.4:I562.44@v4
690    @aH319.4@v3
701  0 @c(爱尔兰)@a斯托克@9si tuo ke@c(Stoker, Bram@f1847.11~1912)@4原著
702  0 @a毛荣贵@9mao rong gui@f(1946~)@4翻译
702  0 @a秦莉@9qin li@4翻译
702  0 @c(美)@a福尔斯特@9fu er si te@c(Forster, Richard)@4改编
801  0 @aCN@bNLC@c20061029
905    @a10447@dH319.4@e1009:2
    
    吸血鬼=Dracula:英汉对照/(爱尔兰)布拉姆·斯托克(Bram Stoker)原著/Richard Forster改编/毛荣贵,秦莉翻译.-北京:航空工业出版社,2005
    201,17页:图;19cm.-(10元丛书).-(考试虫系列.床头灯英语学习读本)
    美国作家改编
    
    ISBN 7-80183-583-2:CNY10.00
    地产商人乔纳森·哈克应客户德丘拉伯爵之约只身来到位于布达佩斯的德丘拉城堡与其商议在伦敦为其购置房产的事情。但在去往德丘拉城堡的途中及到达城堡后,他去经历了许多令人难以置信的并且让人感到恐惧的事情……
●
相关链接 在E读中查询图书 在五车中查询图书 在当当中查询图书 在豆瓣中查询图书


正题名:吸血鬼     索取号:H319.4/1009:2         预约/预借

序号 登录号 条形码 馆藏地/架位号 状态 备注
1 0388505   203885055   第二样本阅览室/ [索取号:H319.4/1009:2] 在馆    
2 0388506   203885064   第四借阅区/ [索取号:H319.4/1009:2] 在馆    
3 0388507   203885073   第四借阅区/ [索取号:H319.4/1009:2] 在馆    
4 0388508   203885082   第四借阅区/ [索取号:H319.4/1009:2] 在馆    
5 0388509   203885091   第四借阅区/ [索取号:H319.4/1009:2] 在馆    
唐山师范学院图书馆 欢迎您!
大连网信软件有限公司© 版权所有